<?xml version="1.0" encoding="UTF-8"?>
<record
    xmlns:xsi="http://www.w3.org/2001/XMLSchema-instance"
    xsi:schemaLocation="http://www.loc.gov/MARC21/slim http://www.loc.gov/standards/marcxml/schema/MARC21slim.xsd"
    xmlns="http://www.loc.gov/MARC21/slim">

  <leader>01086nam a22002297a 4500</leader>
  <controlfield tag="008">130820t20102012mx a   | |||| 00| 0 spa d</controlfield>
  <datafield tag="020" ind1=" " ind2=" ">
    <subfield code="a">978607010983</subfield>
  </datafield>
  <datafield tag="050" ind1=" " ind2=" ">
    <subfield code="a">PN59 O76 2012</subfield>
  </datafield>
  <datafield tag="100" ind1="1" ind2=" ">
    <subfield code="a">Oropeza Calderon, Vicente.</subfield>
  </datafield>
  <datafield tag="245" ind1=" " ind2=" ">
    <subfield code="a">Literatura II/ </subfield>
    <subfield code="c">Vicente Oropeza Calderon, Daniel Mir Eliz&#xF3;ndo, Octavio Zaragoza R&#xED;os.</subfield>
  </datafield>
  <datafield tag="250" ind1=" " ind2=" ">
    <subfield code="a">2a ed.</subfield>
  </datafield>
  <datafield tag="260" ind1=" " ind2=" ">
    <subfield code="a">M&#xE9;xico: </subfield>
    <subfield code="b">Santillana bachillerato, </subfield>
    <subfield code="c">2012.</subfield>
  </datafield>
  <datafield tag="300" ind1=" " ind2=" ">
    <subfield code="a">208 p.: </subfield>
    <subfield code="b">il.; </subfield>
    <subfield code="c">26  cm.</subfield>
  </datafield>
  <datafield tag="502" ind1=" " ind2=" ">
    <subfield code="a">QUINTO A&#xD1;O BIBLIOGRAF&#xCD;A B&#xC1;SICA
PREPARATORIA UNAM / LITERATURA UNIVERSAL (1516)/ (05 001409; 05 001410)</subfield>
  </datafield>
  <datafield tag="505" ind1=" " ind2=" ">
    <subfield code="a">El genero l&#xED;rico en la literatura universal - subgeneros y evoluci&#xF3;n de:el g&#xE9;nero dram&#xE1;tico;  la tragedia; la comedia y el drama - comedia cl&#xE1;sica y moderna - drama cl&#xE1;sico y moderno; el arte teatral en tu comunidad - elementos del montaje y la puesta en escena.</subfield>
  </datafield>
  <datafield tag="650" ind1="1" ind2=" ">
    <subfield code="a">Literatura</subfield>
    <subfield code="x">Estudio y ense&#xF1;anza</subfield>
  </datafield>
  <datafield tag="650" ind1="2" ind2=" ">
    <subfield code="a">Literatura</subfield>
    <subfield code="x">Historia</subfield>
  </datafield>
  <datafield tag="650" ind1="3" ind2=" ">
    <subfield code="a">Generos literarios</subfield>
  </datafield>
  <datafield tag="700" ind1="1" ind2=" ">
    <subfield code="a">Mir Elizondo, Daniel.</subfield>
    <subfield code="e">Coaut.</subfield>
  </datafield>
  <datafield tag="700" ind1="1" ind2=" ">
    <subfield code="a">Zaragoza R&#xED;os, Octavio.</subfield>
    <subfield code="e">Coaut.</subfield>
  </datafield>
  <datafield tag="942" ind1=" " ind2=" ">
    <subfield code="2">lcc</subfield>
    <subfield code="c">LB</subfield>
  </datafield>
  <datafield tag="952" ind1=" " ind2=" ">
    <subfield code="0">0</subfield>
    <subfield code="1">0</subfield>
    <subfield code="2">lcc</subfield>
    <subfield code="4">0</subfield>
    <subfield code="7">0</subfield>
    <subfield code="a">04</subfield>
    <subfield code="b">04</subfield>
    <subfield code="d">2013-08-21</subfield>
    <subfield code="l">0</subfield>
    <subfield code="o">PN59 O76 2012</subfield>
    <subfield code="p">05 001409</subfield>
    <subfield code="r">2023-06-14</subfield>
    <subfield code="t">1</subfield>
    <subfield code="w">2013-08-21</subfield>
    <subfield code="y">LB</subfield>
  </datafield>
  <datafield tag="952" ind1=" " ind2=" ">
    <subfield code="0">0</subfield>
    <subfield code="1">0</subfield>
    <subfield code="2">lcc</subfield>
    <subfield code="4">0</subfield>
    <subfield code="7">0</subfield>
    <subfield code="a">04</subfield>
    <subfield code="b">04</subfield>
    <subfield code="d">2013-08-21</subfield>
    <subfield code="l">0</subfield>
    <subfield code="o">PN59 O76 2012</subfield>
    <subfield code="p">05 001410</subfield>
    <subfield code="r">2023-06-14</subfield>
    <subfield code="t">2</subfield>
    <subfield code="w">2013-08-21</subfield>
    <subfield code="y">LB</subfield>
  </datafield>
  <datafield tag="952" ind1=" " ind2=" ">
    <subfield code="0">0</subfield>
    <subfield code="1">0</subfield>
    <subfield code="2">lcc</subfield>
    <subfield code="4">0</subfield>
    <subfield code="7">0</subfield>
    <subfield code="a">04</subfield>
    <subfield code="b">04</subfield>
    <subfield code="d">2013-08-21</subfield>
    <subfield code="l">0</subfield>
    <subfield code="o">PN59 O76 2012</subfield>
    <subfield code="p">05 001411</subfield>
    <subfield code="r">2023-06-15</subfield>
    <subfield code="t">3</subfield>
    <subfield code="w">2013-08-21</subfield>
    <subfield code="y">LB</subfield>
  </datafield>
  <datafield tag="999" ind1=" " ind2=" ">
    <subfield code="c">90619</subfield>
    <subfield code="d">90619</subfield>
  </datafield>
</record>
